Ekologizácia daňových sústav

Enregistré dans:
Détails bibliographiques
Auteur principal: Manová, Eva, 1957-
Format: Chapitre de livre
Langue:slovaque
Sujets:
Tags: Ajouter un tag
Pas de tags, Soyez le premier à ajouter un tag!

MARC

LEADER 00000naa$a2200000$$$4500
001 0269209
005 20240502074221.6
041 0 |a slo 
044 |a SK 
245 1 0 |a Ekologizácia daňových sústav  |c Eva Manová 
500 |a abstrakt 
610 2 0 |a dane 
610 2 0 |a systémy daňové 
610 2 0 |a prostredie životné 
610 2 0 |a environmentalistika 
610 2 0 |a zdaňovanie 
100 1 |a Manová, Eva, 1957-